000 00446nam a2200193Ia 4500
008 170918s9999 xx 000 0 und d
020 _a9780152017002
050 _bM135 1994
100 _aMacDonald, Suse
245 _aSea shapes /
245 _cby Suse MacDonald.
260 _aOrlando :
260 _bHarcourt Inc.,
260 _c1994
300 _aunpaged :
300 _bcolored illustration ;
300 _c23cm.
500 _aBR
999 _c342896
_d342896